| 000 | 01370nam a22003617a 4500 | ||
|---|---|---|---|
| 003 | CHAP | ||
| 005 | 20220329135001.0 | ||
| 008 | 971013s r 00010 d | ||
| 010 | _a29068 | ||
| 011 | _a30040 | ||
| 035 | _a34152 | ||
| 040 | _cCHAP | ||
| 082 |
_a428.24 _bM3 |
||
| 100 | 0 | 0 |
_aMackin, Ronald. _969452 |
| 245 | _aEnglish sutdies series | ||
| 260 |
_aLondon : _bOxford University, _c19 - |
||
| 300 |
_av. _b: ilus |
||
| 500 | _aLa biblioteca tiene: v.3, v.3b Physicis, mathematicas, biology, applied science; v.7 Chemistry; v.10 Agriculture | ||
| 590 |
_aBATCH-UPD _b10 _c20130110 _lUCH01 _h0232 |
||
| 590 |
_aBATCH-UPD _b10 _c20130110 _lUCH01 _h2230 |
||
| 590 |
_aBATCH-UPD _b10 _c20130409 _lUCH01 _h2256 |
||
| 590 |
_aBATCH-UPD _b10 _c20130410 _lUCH01 _h1525 |
||
| 590 |
_aBATCH-UPD _b10 _c20130914 _lUCH01 _h1642 |
||
| 590 |
_aCONVERSION _b10 _c20130109 _lUCH01 _h1317 |
||
| 650 | 1 | 4 |
_aInglés técnico. _958346 |
| 650 | 1 | 4 |
_aInglés _xLibros para extranjeros. _958343 |
| 901 | _aBK | ||
| 942 | _cLIBRO | ||
| 949 |
_a428.24 M3 _bBC _cLIBRO _d33724000434353 _eLIBRO _fv.3 _h37431 _i34152 _si _t45.00 |
||
| 949 |
_a428.24 M3 _bBC _cLIBRO _d33724000434593 _eLIBRO _fv.10 _h37434 _i34152 _si _t63.00 |
||
| 949 |
_a428.24 M3 _bBC _cLIBRO _d33724000434684 _eLIBRO _fv.7 _h37433 _i34152 _si _t100.00 |
||
| 949 |
_a428.24 M3 _bBC _cLIBRO _d33724000441689 _eLIBRO _fv.3b _h37432 _i34152 _si _t22.50 |
||
| 999 |
_c29068 _d29068 |
||